| 000 | 00382nam a22001457a 4500 | ||
|---|---|---|---|
| 999 |
_c9403 _d9403 |
||
| 003 | OSt | ||
| 005 | 20210409162515.0 | ||
| 008 | 210409b ||||| |||| 00| 0 eng d | ||
| 020 | _a9781864707168 | ||
| 082 |
_a720.47 _bFRI |
||
| 100 | _aFriedman Avi | ||
| 245 | _aSmart homes and communities/fostering sustainable architecture | ||
| 260 |
_aAustralia _bImages publishing |
||
| 942 | _2ddc | ||